| 000 | 00347nam a2200145Ia 4500 | ||
|---|---|---|---|
| 005 | 20251222144909.0 | ||
| 008 | 251222s9999||||xx |||||||||||||| ||spa|| | ||
| 020 | _a8476280351 | ||
| 082 | _a725.609.46/F81 | ||
| 100 | _aFraile, Pedro | ||
| 245 | 0 | _aUn Espacio para Castigar | |
| 250 | _a1ra.ed. | ||
| 264 | _bEdiciones del Serbal | ||
| 942 | _cLIB | ||
| 999 |
_c22280 _d22280 |
||